00738 2200253 4500001002100000005001700021008004100038020002200079035002500101040001200126082001400138084001600152100002000168245010300188250001100291260003000302300003200332504002300364650003600387700001300423850001200436990001800448990001800466INLIS00000000001226320150909150303.0  a978-602-7723-13-9 a0010-091500000000776 aYOPDYOG 223a747.7 a747.7 Sav D aSAVVINO Alfrido aDesain-desain optimal dan fungsional pada area smart bathroomc/ Savvino Alfrido; Editor, Adrienne aCet. 1 aJogjakartabLaksanac2012 a188 hlm.b: ilus.c; 23 cm. aBibliografi: 87-88 aRuangan--Desain dan Perencanaan aADRIENNE aYOPDYOG a50485-PD/A.15 a50486-PD/A.15